| 000 | 00610nam a2200181Ia 4500 | ||
|---|---|---|---|
| 008 | 100917s9999 xx 000 0 und d | ||
| 082 | _b18002 | ||
| 100 | _aभारव्दाज गोविंदशास्त्री | ||
| 245 | _aमुहुर्त चिंतामणि | ||
| 260 |
_b--- _c1807 |
||
| 300 | _a526 | ||
| 365 | _b0 | ||
| 520 | _aगुढविद्या , ज्यो. | ||
| 630 | _aमुहुर्त चिंतामणि | ||
| 650 | _aगुढविद्या , ज्यो. | ||
| 730 | _aमुहुर्त चिंतामणि | ||
| 942 | _cBOOK | ||
| 999 |
_c623396 _d623393 |
||